zpět

Detail výsledku týmu

The Pub Praha 2 PO, Praha

Datum a čas kvízu

25.5 Celkem bodů Celkový počet nahraných bodů na tomto kvízu bez doplňovacích otázek.
6. Pořadí na kvízu Konečné umístění týmu na tomto kvízu.

Zaznamenané odpovědi

# Otázka Odpověď Body Výsledky
1. Že vánoční punk není mrtvý, má... Bruntál 1
2. Jeden ze členů britské královs... princ Andrew 0
3. Festival Anifilm se po 18 lete... Liberec 1
4. Česká národní banka minulý týd... Karel Engliš 1
5. V pátek dostal český motocyklo... Karel Abraham 1
6. Toto téma minulý týden zvítězi... Vídeň, 1996 0.5
7. Nespočet hlášek má na svém kon... vycházky 1
8. Televize Nova a sportovní přen... Václav Tittelbach, Pavel Poulíček 0
9. Autorem mnoha legendárních hlá... Nemecký/Německý 0
10. Tento finský komentář vítěznéh... 71 m (uznáváme tedy 68–74) 1